000 00538nam a2200181Ia 4500
001 14575
005 20260306164924.0
008 260306t2006||||xx |||||||||||||| ||spa||
041 _aESP
082 _a515.33
_bG
100 _aGalván Sánchez, Delia Aurora
_eAUT
245 0 _aCálculo diferencial para administración y ciencias sociales:
_bun enfoque constructivista mediante la reflexión y la interacción
260 _c2006
300 _a304 páginas :
_c25 cm.
650 _aGEN
654 _aCMA
942 _cLIB
_dJUS
_fJUS
_2ddc
_n
999 _c14575
_d14575